Southville International School and Colleges
Your cart is empty.
  • Cart
  • Lists
    Public lists Eva Luna New books Lux_list list_1
    Your lists Log in to create your own lists
  • Log in to your account
  • Your cookies
  • Search history
Southville International School and Colleges
  • Advanced search
  • Recent comments
  • Most popular
  • Libraries

Log in to your account

Log in with GOOGLE


If you do not have an external account, but do have a local account, you can still log in:

  1. Home
  2. MARC view: Quality and safety for transformational nursing :
Normal view MARC view ISBD view

Quality and safety for transformational nursing : (Record no. 276756)

[ view plain ]
MARC details
000 -LEADER
fixed length control field 01975cam a2200349 a 4500
001 - CONTROL NUMBER
control field 17340342
005 - DATE AND TIME OF LATEST TRANSACTION
control field 20141110134146.0
008 - FIXED-LENGTH DATA ELEMENTS--GENERAL INFORMATION
fixed length control field 120607s2013 maua b 001 0 eng
010 ## - LIBRARY OF CONGRESS CONTROL NUMBER
LC control number 2012023392
020 ## - INTERNATIONAL STANDARD BOOK NUMBER
International Standard Book Number 9780132724128 (pbk. : alk. paper)
020 ## - INTERNATIONAL STANDARD BOOK NUMBER
International Standard Book Number 013272412X (pbk. : alk. paper)
035 ## - SYSTEM CONTROL NUMBER
System control number (DNLM)101585851
040 ## - CATALOGING SOURCE
Original cataloging agency DNLM/DLC
Transcribing agency DLC
Modifying agency DLC
042 ## - AUTHENTICATION CODE
Authentication code pcc
050 00 - LIBRARY OF CONGRESS CALL NUMBER
Classification number RT 90.7
Item number .Am64 2013
060 10 - NATIONAL LIBRARY OF MEDICINE CALL NUMBER
Classification number WY 100
082 00 - DEWEY DECIMAL CLASSIFICATION NUMBER
Classification number 610.73
100 1# - MAIN ENTRY--PERSONAL NAME
Personal name Amer, Kim Siarkowski.
245 10 - TITLE STATEMENT
Title Quality and safety for transformational nursing :
Remainder of title core competencies /
Statement of responsibility, etc Kim Siarkowski Amer.
260 ## - PUBLICATION, DISTRIBUTION, ETC. (IMPRINT)
Place of publication, distribution, etc Boston :
Name of publisher, distributor, etc Pearson,
Date of publication, distribution, etc c2013.
300 ## - PHYSICAL DESCRIPTION
Extent xvi, 271 pages :
Other physical details colored illustrations ;
Dimensions 24 cm.
504 ## - BIBLIOGRAPHY, ETC. NOTE
Bibliography, etc Includes bibliographical references and index.
505 0# - FORMATTED CONTENTS NOTE
Formatted contents note Risk and threats to safe quality care in hospital settings -- Quality and safety models -- Transition to practice : an essential element of quality and safety -- Power, empowerment, and change : considering nurses' capacity to strengthen safety and quality in health care -- Quality and safety education strategies -- Evaluating a program : metrics and the influence of stakeholders -- Interprofessional team building -- Transforming care at the bedside (TCAB) experience : nursing innovations, practice improvements, and quality and safety improvements -- Informatics and nursing : using technology to improve quality -- Person-centered care as a priority for nursing practice and quality care -- Quality health care, policy, and ethics -- Future-focused quality nursing.
521 ## - TARGET AUDIENCE NOTE
Target audience note Nursing
650 12 - SUBJECT ADDED ENTRY--TOPICAL TERM
Topical term or geographic name as entry element Nursing Process
General subdivision organization & administration
Geographic subdivision United States.
650 22 - SUBJECT ADDED ENTRY--TOPICAL TERM
Topical term or geographic name as entry element Clinical Competence
Geographic subdivision United States.
650 22 - SUBJECT ADDED ENTRY--TOPICAL TERM
Topical term or geographic name as entry element Medical Errors
General subdivision prevention & control
Geographic subdivision United States.
650 22 - SUBJECT ADDED ENTRY--TOPICAL TERM
Topical term or geographic name as entry element Patient Safety
Geographic subdivision United States.
650 22 - SUBJECT ADDED ENTRY--TOPICAL TERM
Topical term or geographic name as entry element Quality of Health Care
Geographic subdivision United States.
906 ## - LOCAL DATA ELEMENT F, LDF (RLIN)
a 7
b cbc
c orignew
d 1
e ecip
f 20
g y-gencatlg
942 ## - ADDED ENTRY ELEMENTS (KOHA)
Source of classification or shelving scheme Library of Congress Classification
Koha item type Books
Call number prefix Foreign
Holdings
Withdrawn status Lost status Source of classification or shelving scheme Damaged status Home library Current library Shelving location Date acquired Source of acquisition Sub Shelving location Total Checkouts Full call number Barcode Date last seen Price effective from Koha item type
    Library of Congress Classification   College Library College Library Reserve Section 11/10/2014 Library Fund     RT 90.7 .Am64 2013 C18875 05/15/2018 11/10/2014 Books

Quality and safety for transformational nursing :

APA

Amer K. S., . (2013). Quality and safety for transformational nursing. Boston: Pearson.

Chicago

Amer Kim Siarkowski, . 2013. Quality and safety for transformational nursing. Boston: Pearson.

Harvard

Amer K. S., . (2013). Quality and safety for transformational nursing. Boston: Pearson.

MLA

Amer Kim Siarkowski, . Quality and safety for transformational nursing. Boston: Pearson. 2013.

  • Place hold
  • Print
  • Cite
  • Add to your cart (remove)
  • Save record
    BIBTEX Dublin Core MARCXML MARC (non-Unicode/MARC-8) MARC (Unicode/UTF-8) MARC (Unicode/UTF-8, Standard) MODS (XML) RIS
  • More searches
    Search for this title in:
    Other Libraries (WorldCat) Other Databases (Google Scholar) Online Stores (Bookfinder.com) Open Library (openlibrary.org)

Exporting to Dublin Core...

SOUTHVILLE LIBRARY

Southville International School and Colleges Library

1281 Tropical Ave. Cor. Luxembourg St., BF Homes International, Las Pinas City

Tel. No. 8256374 / 252358 Loc. 117/146

Powered by Koha